Art for all? : the collision of modern art and the public in late-nineteenth-century Germany

Αποθηκεύτηκε σε:
Λεπτομέρειες βιβλιογραφικής εγγραφής
Κύριος συγγραφέας: Lewis, Beth Irwin 1934-
Μορφή: Βιβλίο
Γλώσσα:English
Δημοσίευση: Princeton : Princeton University Press, 2003
Θέματα:
Ετικέτες: Προσθήκη ετικέτας
Δεν υπάρχουν, Καταχωρήστε ετικέτα πρώτοι!

MARC

LEADER 00000nam a2200000 i 4500
001 1/77509
008 050527s2003 eng d
020 |a 0-691-10265-1 
035 |l 10078258 
040 |a GR-MY-UA  |b gre  |e aacr 
041 0 |a eng 
082 0 |a 709.4309034  |2 (22) 
100 1 |a Lewis, Beth Irwin  |d 1934- 
245 1 0 |a Art for all? :  |b the collision of modern art and the public in late-nineteenth-century Germany /  |c Beth Irwin Lewis 
260 |a Princeton :   |b Princeton University Press,   |c 2003 
300 |a 447 σ.;  |b εικ.;  |c 26 εκ. 
504 |a Περιέχει βιβλιογραφικές παραπομπές και ευρετήριο 
650 0 0 |a Arts, German  |y 19th century. 
650 0 0 |a Modernism (Art)  |z Germany. 
650 0 0 |a Art criticism  |z Germany  |x History  |y 19th century. 
650 0 0 |a Arts audiences  |z Germany  |x Phychology. 
852 |a INST  |b LESVOS  |e 20050527  |h 709.4309034 LEW  |p 005100032257  |q 005100032257  |t BK  |y 0 
901 |a BIBL1-2005-2 
909 |a Λ  |b 113456 
920 |a ΔΙΕΥΡΥΝΣΗ  |b ΕΠΕΑΕΚ-ΠΤΕ  |y ΛΕΣΒΟΣ  |z 2004-09 
970 |a ΜΑΡΙΝΑΤΟΥ  |b ΜΥΡΣΙΝΗ  |z 2005/05/27